000 00429nam a22001697a 4500
999 _c7535
_d7533
005 20210306154517.0
008 210306b ||||| |||| 00| 0 eng d
020 _a978-93-80386-24-9
041 _aeng
082 _a174.94
100 _aBABU, S. DHINESH
_96468
245 _aPROFESSIONAL ETHICS AND HUMAN VALUES
260 _aBENGALURU
_bUNIVERSITY SCIENCE PRESS
300 _a130,p
650 _aPHARMACY
_96469
942 _cBK